Most Followed Tiktokers Not Based In United States - Statistics

General Stats
  • This quiz has been taken 18 times
  • The average score is 4 of 25
Answer Stats
Rank Tiktoker From.... % Correct
8 @tiktok China
87%
17 @bts_official_bighit South Korea
67%
1 @khaby.lame Senegal/Italy
60%
21 @kallmekris Canada
27%
7 @kimberly.loaiza Mexico
27%
32 @carlosferiag Colombia
20%
11 @domelipa Mexico
20%
45 @montpanjoja Mexico
20%
46 @pongamoslo_a_prueba Mexico
20%
40 @carolg Colombia
13%
24 @junya1gou Japan
13%
30 @elrodcontreras Mexico
13%
37 @anokhinalz Russia
13%
43 @xoteam Russia
13%
18 @youneszarou Germany
7%
19 @riyaz.14 India
7%
25 @homm9k Kazakhstan
7%
35 @scottsreality Netherlands
7%
9 @cznburak Turkey
7%
41 @gilmhercroes Aruba
0%
50 @spider_slack Brazil
0%
33 @ondymikula Czech Republic
0%
42 @thekiryalife Russia
0%
44 @tuzelitydance Russia
0%
20 @ox_zung South Korea
0%
No matching quizzes found
Score Distribution
Percent of People with Each Score
Percentile by Number Answered
Your Score History
You have not taken this quiz